Petrographic study of the Mórágy-type granitoid and the Cserdi conglomerate at Nyugotszenterzsébet (Mecsek Mts., South Hungary)

The Upper Carboniferous Mórágy-type granitoids were formed by anatectic and metasomatic processes. The two macroscopically different types (medium grained granite and aplite) have the same origin. The aplite was developed in the fracture zones where the crushed rocks were potashmetasomatized more th...

Teljes leírás

Elmentve itt :
Bibliográfiai részletek
Szerzők: Fehér T.
Molnár A.
Dokumentumtípus: Cikk
Megjelent: University of Szeged, Department of Mineralogy, Geochemistry and Petrology Szeged 1989
Sorozat:Acta mineralogica-petrographica 30
Kulcsszavak:Kőzettan, Ásványtan, Földtan
Tárgyszavak:
Online Access:http://acta.bibl.u-szeged.hu/24772
LEADER 02094nab a2200229 i 4500
001 acta24772
005 20220726143937.0
008 161017s1989 hu o 0|| eng d
022 |a 0365-8066 
040 |a SZTE Egyetemi Kiadványok Repozitórium  |b hun 
041 |a eng 
100 1 |a Fehér T. 
245 1 0 |a Petrographic study of the Mórágy-type granitoid and the Cserdi conglomerate at Nyugotszenterzsébet (Mecsek Mts., South Hungary)  |h [elektronikus dokumentum] /  |c  Fehér T. 
260 |a University of Szeged, Department of Mineralogy, Geochemistry and Petrology  |b Szeged  |c 1989 
300 |a 93-101 
490 0 |a Acta mineralogica-petrographica  |v 30 
520 3 |a The Upper Carboniferous Mórágy-type granitoids were formed by anatectic and metasomatic processes. The two macroscopically different types (medium grained granite and aplite) have the same origin. The aplite was developed in the fracture zones where the crushed rocks were potashmetasomatized more thoroughly than the surrounding granite. It has higher microcline, lower mafic mineral content and well developed cataclastic texture with more fine grained matrix than the enclosing granite. Studies of the morphology of zircon grains provided a well detectable evolutional trend from the anatectic restites to the medium grained granite. In the course of anatexis the zircon grains developed the typical low temperature types from high temperature ones. The source rocks of the Middle Permian Cserdi Conglomerate were Lower Permian rhyolites and granitoids of unknown age. The latter ones are strongly mylonitized but show the same metasomatic phenomena as the Mórágy-type granitoids. The zircon types of the granitoid pebbles of the conglomerate are anatectic ones. Our opinion is that they derived from an upper part of the Mórágy-type granitoid complex. 
650 4 |a Természettudományok 
650 4 |a Föld- és kapcsolódó környezettudományok 
695 |a Kőzettan, Ásványtan, Földtan 
700 0 1 |a Molnár A.  |e aut 
856 4 0 |u http://acta.bibl.u-szeged.hu/24772/1/mineralogica_030_093-101.pdf  |z Dokumentum-elérés